| 000 | 00364nam a22001577a 4500 | ||
|---|---|---|---|
| 003 | OSt | ||
| 005 | 20240111123010.0 | ||
| 008 | 170731b xxu||||| |||| 00| 0 eng d | ||
| 020 | _a9788121914413 | ||
| 040 | _cSEROSOFT | ||
| 100 | _aMURUGESHAN,R. | ||
| 245 | _aOPTICS AND SPECTROSCOPY | ||
| 260 |
_aDELHI _bS.CHAND _c2001 |
||
| 300 | _a340 | ||
| 942 |
_2ddc _c03 _e3RD |
||
| 999 |
_c36004 _d36004 |
||